000 00470nam a22001937a 4500
003 MPLRDC
005 20220104143632.0
008 210129b ||||| |||| 00| 0 eng d
020 _a7-5613-1966-5
082 _a690.6 YY
100 _a袁勇 编著
245 _a失落的古格王朝
_c
250 _a初版
260 _a
_b陕西师范大学
_c2000
300 _b
490 _a发现西藏书系
650 _a中国游记--西藏
942 _cBK
_o690.6 YY
999 _c41846
_d41836